000 00219 a2200097 4500
001 14978
100 _aGhazi-Omer Farooq
245 _aAl-Mohadisat-ul-Arabiat
260 _aRawalpindi
_bFeroz s
_c
090 _c11737
_d11737
942 _aNUST-CAE
_cM
_c1933
999 _c250051
_d250051